<?xml version="1.0" encoding="UTF-8"?>
<record
    xmlns:xsi="http://www.w3.org/2001/XMLSchema-instance"
    xsi:schemaLocation="http://www.loc.gov/MARC21/slim http://www.loc.gov/standards/marcxml/schema/MARC21slim.xsd"
    xmlns="http://www.loc.gov/MARC21/slim">

  <leader>01730nam a2200253 a 4500</leader>
  <controlfield tag="001">000026318</controlfield>
  <controlfield tag="005">20260212122153.0</controlfield>
  <controlfield tag="008">110312s2001    dr a          000 0 spa d</controlfield>
  <datafield tag="040" ind1=" " ind2=" ">
    <subfield code="a">DO-SdBNP</subfield>
    <subfield code="b">spa</subfield>
    <subfield code="c">BNPHU</subfield>
  </datafield>
  <datafield tag="082" ind1=" " ind2=" ">
    <subfield code="a">306.81</subfield>
    <subfield code="b">P376s</subfield>
  </datafield>
  <datafield tag="100" ind1="1" ind2=" ">
    <subfield code="a">Peguero Col&#xF3;n, Samuel</subfield>
    <subfield code="9">2205</subfield>
  </datafield>
  <datafield tag="245" ind1="1" ind2="0">
    <subfield code="a">Secretos para ponerle chispa a tu matrimonio :</subfield>
    <subfield code="b">seminarios en power point /</subfield>
    <subfield code="c">Samuel Peguero Col&#xF3;n.</subfield>
  </datafield>
  <datafield tag="260" ind1=" " ind2=" ">
    <subfield code="a">Santo Domingo :</subfield>
    <subfield code="b">El Remanente,</subfield>
    <subfield code="c">2001.</subfield>
  </datafield>
  <datafield tag="300" ind1=" " ind2=" ">
    <subfield code="a">82 p. :</subfield>
    <subfield code="b">il. ;</subfield>
    <subfield code="c">28 cm.</subfield>
  </datafield>
  <datafield tag="500" ind1=" " ind2=" ">
    <subfield code="a">La biblioteca posee el v.2</subfield>
  </datafield>
  <datafield tag="504" ind1=" " ind2=" ">
    <subfield code="a">Bibliograf&#xED;a: p. 82</subfield>
  </datafield>
  <datafield tag="505" ind1="0" ind2=" ">
    <subfield code="a">Equipo de asesor&#xED;a t&#xE9;cnica --</subfield>
    <subfield code="t">Dedicatoria --</subfield>
    <subfield code="t">Pr&#xF3;logo --</subfield>
    <subfield code="g">Secci&#xF3;n 1.</subfield>
    <subfield code="t">Condici&#xF3;n de g&#xE9;nero hombre/mujer: dram&#xE1;ticas realidades --</subfield>
    <subfield code="t">La mujer. &#xBF;Reina o esclava? --</subfield>
    <subfield code="g">Secci&#xF3;n 2.</subfield>
    <subfield code="t">La comunicaci&#xF3;n conyugal --</subfield>
    <subfield code="t">En busca de una comunicaci&#xF3;n positiva --</subfield>
    <subfield code="g">Secci&#xF3;n 3.</subfield>
    <subfield code="t">La pareja y las finanzas --</subfield>
    <subfield code="t">Como administrar las finanzas del hogar --</subfield>
    <subfield code="t">Evitando y enfrentando crisis financiera --</subfield>
    <subfield code="g">Secci&#xF3;n 4.</subfield>
    <subfield code="t">La pareja y el sexo --</subfield>
    <subfield code="t">Haciendo del acto sexual un evento m&#xE1;s interesante --</subfield>
    <subfield code="t">Ajuste y disfrute sexual en diversas circunstancias --</subfield>
    <subfield code="g">Secci&#xF3;n 5.</subfield>
    <subfield code="t">La pareja crisis y oportunidades --</subfield>
    <subfield code="t">Manifestaci&#xF3;n y origen del conflicto --</subfield>
    <subfield code="t">&#xBF;C&#xF3;mo influye el orden de nacimiento en la conducta? --</subfield>
    <subfield code="t">Otros factores ex&#xF3;genos --</subfield>
    <subfield code="t">C&#xF3;mo pelear con provecho --</subfield>
    <subfield code="g">Secci&#xF3;n 6.</subfield>
    <subfield code="t">Pongale chispa a su matrimonio --</subfield>
    <subfield code="t">Secretos para ponerle chispa a tu matrimonio --</subfield>
    <subfield code="t">Secretos para ponerle chispa a su matrimonio --</subfield>
    <subfield code="t">Otras obras del autor.</subfield>
  </datafield>
  <datafield tag="590" ind1=" " ind2=" ">
    <subfield code="a">Inventariado,2018/DG</subfield>
  </datafield>
  <datafield tag="650" ind1=" " ind2="0">
    <subfield code="a">Matrimonio</subfield>
    <subfield code="9">797</subfield>
  </datafield>
  <datafield tag="650" ind1=" " ind2="0">
    <subfield code="a">Parejas</subfield>
    <subfield code="9">2206</subfield>
  </datafield>
  <datafield tag="650" ind1=" " ind2="4">
    <subfield code="a">Sexo en el matrimonio</subfield>
    <subfield code="9">804</subfield>
  </datafield>
  <datafield tag="650" ind1=" " ind2="0">
    <subfield code="a">Relaciones familiares</subfield>
    <subfield code="9">801</subfield>
  </datafield>
  <datafield tag="910" ind1=" " ind2=" ">
    <subfield code="a">Validado. Control de calidad MMOLINA</subfield>
  </datafield>
  <datafield tag="952" ind1=" " ind2=" ">
    <subfield code="0">0</subfield>
    <subfield code="1">0</subfield>
    <subfield code="7">1</subfield>
    <subfield code="8">PD</subfield>
    <subfield code="a">PD</subfield>
    <subfield code="b">PD</subfield>
    <subfield code="c">HD</subfield>
    <subfield code="d">2011-03-12</subfield>
    <subfield code="i">LF1</subfield>
    <subfield code="l">0</subfield>
    <subfield code="o">306.81 P376s | v.2</subfield>
    <subfield code="p">26318-10</subfield>
    <subfield code="r">2020-06-25</subfield>
    <subfield code="w">2020-06-25</subfield>
    <subfield code="y">LFPD</subfield>
    <subfield code="Z">No se presta</subfield>
  </datafield>
  <datafield tag="952" ind1=" " ind2=" ">
    <subfield code="0">0</subfield>
    <subfield code="1">0</subfield>
    <subfield code="7">1</subfield>
    <subfield code="8">PD</subfield>
    <subfield code="a">PD</subfield>
    <subfield code="b">PD</subfield>
    <subfield code="c">HD</subfield>
    <subfield code="d">2011-03-12</subfield>
    <subfield code="i">LF1</subfield>
    <subfield code="l">0</subfield>
    <subfield code="o">306.81 P376s | v.2, e.2</subfield>
    <subfield code="p">26318-20</subfield>
    <subfield code="r">2020-06-25</subfield>
    <subfield code="w">2020-06-25</subfield>
    <subfield code="y">LFPD</subfield>
    <subfield code="Z">No se presta</subfield>
  </datafield>
  <datafield tag="952" ind1=" " ind2=" ">
    <subfield code="0">0</subfield>
    <subfield code="1">0</subfield>
    <subfield code="5">4</subfield>
    <subfield code="7">0</subfield>
    <subfield code="8">PD</subfield>
    <subfield code="a">PD</subfield>
    <subfield code="b">PD</subfield>
    <subfield code="c">HD</subfield>
    <subfield code="d">2011-03-12</subfield>
    <subfield code="i">LF1</subfield>
    <subfield code="l">0</subfield>
    <subfield code="o">306.81 P376s | v.2, e.3</subfield>
    <subfield code="p">26318-30</subfield>
    <subfield code="r">2020-06-25</subfield>
    <subfield code="w">2020-06-25</subfield>
    <subfield code="y">LFPD</subfield>
    <subfield code="Z">Pr&#xE9;stamo en sala</subfield>
  </datafield>
  <datafield tag="999" ind1=" " ind2=" ">
    <subfield code="c">25810</subfield>
    <subfield code="d">25810</subfield>
  </datafield>
</record>
